000 00916nam a2200349Ia 4500
005 20260514124424.0
008 008 261405s9999 xx 000 0 eng d
037 _aThesis
040 _aCRL
040 _beng
040 _cCRL
041 _2eng
041 _aeng
084 _qCRL
100 _aDr.Mohammed Uvaise S
_91239920
245 0 _aClinico-Biochemical Profile of Neonatal Pathological Unconjugated Hyperbilirubinemia with Reference to Urinary Tract Infection.
260 _aDelhi
260 _bUniversity of Delhi
260 _c2016
300 _a90p.
502 _bPh.D.
502 _cUniversity of Delhi
502 _d2016
541 _oThesis
650 _aPediatrics
_91239905
700 _aDr. Mukta Mantan
_91239955
700 _aDr.Ajai Kumar,
_91239956
700 _aDr.C P Baveja
_91239922
710 _aPediatrics
942 _cTH
999 _c1851862
_d1851862